Every town in Sweden: Skåne - Statistics

General Stats
  • This quiz has been taken 9 times
  • The average score is 54 of 138
Answer Stats
Municipality Letter Population City/Town % Correct
Ängelholm Ä 45,276 Ängelholm
100%
Eslöv E 24,558 Eslöv
100%
Hässleholm H 23,936 Hässleholm
100%
Helsingborg H 156,133 Helsingborg
100%
Höganäs H 28,056 Höganäs
100%
Höör H 15,098 Höör
100%
Hörby H 9,120 Hörby
100%
Kävlinge K 19,113 Kävlinge
100%
Klippan K 10,034 Klippan
100%
Kristianstad K 54,158 Kristianstad
100%
Landskrona L 40,258 Landskrona
100%
Lomma L 14,663 Lomma
100%
Lund L 108,035 Lund
100%
Malmö M 410,603 Malmö
100%
Staffanstorp S 31,638 Staffanstorp
100%
Svedala S 12,741 Svedala
100%
Trelleborg T 35,015 Trelleborg
100%
Vellinge V 7,225 Vellinge
100%
Ystad Y 26,279 Ystad
100%
Åstorp Å 12,336 Åstorp
83%
Båstad B 7,519 Båstad
83%
Bjuv B 10,902 Bjuv
83%
Bromölla B 8,807 Bromölla
83%
Örkelljunga Ö 6,550 Örkelljunga
83%
Osby O 8,403 Osby
83%
Perstorp P 8,119 Perstorp
83%
Simrishamn S 7,202 Simrishamn
83%
Sjöbo S 10,250 Sjöbo
83%
Skurup S 10,413 Skurup
83%
Tomelilla T 7,911 Tomelilla
83%
Burlöv A 11,717 Arlöv
67%
Vellinge H 16,339 Höllviken
67%
Vellinge S-F 10,196 Skanör-Falsterbo
67%
Svalöv S 5,084 Svalöv
67%
Kristianstad Å 11,317 Åhus
50%
Burlöv Å 7,103 Åkarp
50%
Lomma B 11,125 Bjärred
50%
Lund D 7,404 Dalby
50%
Simrishamn K 1,108 Kivik
50%
Malmö O 15,826 Oxie
50%
Lund S-S 6,801 Södra Sandby
50%
Båstad T 1,225 Torekov
50%
Malmö T 3,862 Tygelsjö
50%
Svedala B 4,096 Bara
33%
Malmö B 16,104 Bunkeflostrand
33%
Bjuv E 3,964 Ekeby
33%
Kristianstad F 1,904 Fjälkinge
33%
Kävlinge F 5,303 Furulund
33%
Lund G 3,095 Genarp
33%
Simrishamn H 1,065 Hammenhög
33%
Staffanstorp H 6,153 Hjärup
33%
Vellinge H 1,256 Hököpinge
33%
Kävlinge L 7,279 Löddeköpinge
33%
Eslöv M 1,930 Marieholm
33%
Ängelholm M-L 3,144 Munka-Ljungby
33%
Klippan Ö-L 1,132 Östra Ljungby
33%
Helsingborg P 3,207 Påarp
33%
Trelleborg S 1,484 Smygehamn
33%
Lund S 1,415 Stångby
33%
Svalöv T 1,822 Teckomatorp
33%
Kristianstad T 4,119 Tollarp
33%
Kristianstad V 1,128 Viby
33%
Hässleholm V 4,316 Vinslöv
33%
Kävlinge Å 1,765 Ålstorp
17%
Trelleborg A 1,922 Anderslöv
17%
Kristianstad A 1,011 Arkelstorp
17%
Landskrona A 2,063 Asmundtorp
17%
Helsingborg B 2,996 Bårslöv
17%
Trelleborg B 2,501 Beddingestrand
17%
Svalöv B 1,139 Billeberga
17%
Bjuv B 3,476 Billesholm
17%
Hässleholm B 2,904 Bjärnum
17%
Sjöbo B 1,395 Blentarp
17%
Simrishamn B 1,083 Borrby
17%
Östra Göinge B 4,007 Broby
17%
Kristianstad D 1,440 Degeberga
17%
Kävlinge D 1,207 Dösjebro
17%
Kristianstad E 1,090 Everöd
17%
Kristianstad F 1,181 Färlöv
17%
Eslöv F 1,096 Flyinge
17%
Båstad F 2,664 Förslöv
17%
Helsingborg G 1,702 Gantofta
17%
Kristianstad G-K 1,150 Gärds Köpinge
17%
Simrishamn G 1,123 Gärsnäs
17%
Östra Göinge G 1,520 Glimåkra
17%
Landskrona G 2,438 Glumslöv
17%
Båstad G 1,103 Grevie
17%
Landskrona H 3,160 Häljarp
17%
Östra Göinge H 1,429 Hanaskog
17%
Hässleholm H 1,866 Hästveda
17%
Helsingborg H 5,057 Hittarp
17%
Ängelholm H 1,094 Hjärnarp
17%
Kävlinge H 4,062 Hofterup
17%
Åstorp H 2,550 Hyllinge
17%
Höganäs J 2,206 Jonstorp
17%
Svalöv K 1,626 Kågeröd
17%
Svedala K 2,104 Klagerup
17%
Östra Göinge K 3,713 Knislinge
17%
Ystad K 1,270 Köpingebro
17%
Åstorp K 2,229 Kvidinge
17%
Klippan L 2,241 Ljungbyhed
17%
Eslöv L 1,334 Löberöd
17%
Osby L 2,081 Lönsboda
17%
Hörby L 1,187 Ludvigsborg
17%
Höganäs M 1,014 Mölle
17%
Helsingborg M 2,110 Mörarp
17%
Bromölla N 1,405 Näsum
17%
Kristianstad N-Å 1,449 Norra Åsum
17%
Ystad N 1,087 Nybrostrand
17%
Höganäs N 1,713 Nyhamnsläge
17%
Helsingborg Ö 5,450 Ödåkra
17%
Kristianstad Ö 1,533 Önnestad
17%
Kristianstad R 1,035 Rinkaby
17%
Helsingborg R 7,454 Rydebäck
17%
Skurup R 1,433 Rydsgard
17%
Höör S 1,575 Sätofta
17%
Landskrona S 1,421 Saxtorpsskogen
17%
Östra Göinge S 1,503 Sibbhult
17%
Örkelljunga S-F 1,051 Skånes-Fagerhult
17%
Trelleborg S 1,293 Skegrie
17%
Ängelholm S 1,318 Skepparkroken
17%
Simrishamn S 1,071 Skillinge
17%
Skurup S 1,350 Skivarp
17%
Hässleholm S 2,098 Sösdala
17%
Eslöv S 1,511 Stehag
17%
Ängelholm S 1,167 Strövelstorp
17%
Ystad S 1,076 Svarte
17%
Höör T 1,009 Tjörnarp
17%
Hässleholm T 1,219 Tormestorp
17%
Hässleholm T 5,108 Tyringe
17%
Bromölla V 1,028 Valje
17%
Lund V 6,011 Veberöd
17%
Ängelholm V 3,910 Vejbystrand
17%
Höganäs V 5,922 Viken
17%
Hässleholm V 1,807 Vittsjö
17%
Sjöbo V 1,020 Vollsjö
17%
Kristianstad Y 1,024 Yngsjö
17%
Malmö K 3,229 Klagshamn
0%
No matching quizzes found
Score Distribution
Percent of People with Each Score
Percentile by Number Answered
Your Score History
You have not taken this quiz